| 000 | 00419nam a2200145Ia 4500 | ||
|---|---|---|---|
| 008 | 211109s9999||||xx |||||||||||||| ||und|| | ||
| 082 |
_a943.6044 _bBAI-E |
||
| 100 | _aBain, F W | ||
| 245 | 0 | _aEnglish Monarchy and Its Substitution a Study in Analytical Politic | |
| 260 |
_bUn Known _aMisplace _c1994 |
||
| 300 | _a226p. | ||
| 630 | _xGeneral Stack | ||
| 650 |
_aGreat Britain _vHistory of England _xHistory |
||
| 942 | _cBOOK | ||
| 999 |
_c954 _d954 |
||